Changing attitudes to gender roles: a longitudinal analysis of ordinal response data from the british household panel study /

Se examina el cambio de actitudes respecto a los roles de género en la Gran Bretaña contemporánea mediante el uso de procesos Markov de primer orden en datos provenientes del Estudio Panel de Hogares Británicos. Se observó que, dependiendo de los valores de 1991, una serie de factores interviene com...

Fuld beskrivelse

Guardado en:
Bibliografiske detaljer
Hovedforfatter: Berridge, Damon
Andre forfattere: Penn, Roger Ganjali, Mojtaba
Format: Texto
Fag:
Tags: Tilføj Tag
Ingen Tags, Vær først til at tagge denne postø!

MARC

LEADER 00000 a a2200000 04500
001 8864
003
040
100 |a Berridge, Damon  
245 |a Changing attitudes to gender roles:   |b a longitudinal analysis of ordinal response data from the british household panel study /  |c Damon Berridge 
520 |a Se examina el cambio de actitudes respecto a los roles de género en la Gran Bretaña contemporánea mediante el uso de procesos Markov de primer orden en datos provenientes del Estudio Panel de Hogares Británicos. Se observó que, dependiendo de los valores de 1991, una serie de factores interviene como determinantes importantes de la actitudes de género de 2003  
650 |a ROLES DE LOS GENEROS  
650 |a ACTITUDES  
650 |a EDAD  
650 |a INDICADORES SOCIALES  
650 |a ANALISIS ESTADISTICOS  
650 |a GRAN BRETAÑA  
700 |a Penn, Roger   |a Ganjali, Mojtaba  
773 |g volumen 24, número 3; páginas 346-367  
999 |c 28712  |d 28712